Statistics for NBA Guess that player

Click here to take the quiz!

General Stats

  • This quiz has been taken 1,589 times
  • The average score is 13 of 18

Answer Stats

QuestionAnswer% Correct
Scored 70 points on the SunsDevin Booker
91%
Fear the beardJames Harden
90%
Im a PF that has been on the Cavs and the TimberwolvesKevin Love
90%
One of the best 3 point shootersSteph Curry
90%
Said to be one of the best players of all time.Plays on CavsLeBron James
88%
Triple Double MachineRussel Westbrook
88%
Trail Blazers,dropping dimesDamian Lillard
85%
On the Wizards,One of the fastest playersJohn Wall
84%
Hated for joining a team that went 73-9 after they beat his teamKevin Durant
83%
Plays for Cavs,hit a game winning shot in the finalsKyrie Irving
81%
VinsanityVince Carter
77%
One of the smallest players,and he is on the celticsIsaiah Thomas
74%
He left the heat to join his hometownDwayne Wade
73%
Good SF on the PacersPaul George
69%
Left the Kings to join one of the best PFs in the leadDemarcus Cousins
62%
Missed a wide open layup to win the gameBrandon Knight
43%
Known for getting injuredDerrick Rose
42%
People thought his contract was not fairMike Conley jr
8%

Score Distribution

Percentile by Number Answered

Percent of People with Each Score

Your Score History

You have not taken this quiz